MARC details
| 000 -LEADER |
| campo de control de longitud fija |
01436nam a2200433 a 4500 |
| 003 - IDENTIFICADOR DE NÚMERO DE CONTROL |
| campo de control |
AR-BaBNM |
| 005 - FECHA Y HORA DE LA ÚLTIMA TRANSACCIÓN |
| campo de control |
20251128204908.0 |
| 008 - DATOS DE LONGITUD FIJA--INFORMACIÓN GENERAL |
| campo de control de longitud fija |
082120s2002 ||||||||||||||000 | spa|| |
| 020 ## - NÚMERO INTERNACIONAL ESTÁNDAR DEL LIBRO |
| Número Internacional Estándar del Libro |
84-277-1129-8 |
| 040 ## - FUENTE DE CATALOGACIÓN |
| Centro/agencia transcriptor |
AR-BaBNM |
| 100 1# - ENTRADA PRINCIPAL--NOMBRE DE PERSONA |
| Nombre de persona |
Schwartz, Susan |
| 245 00 - MENCIÓN DEL TÍTULO |
| Título |
Aprendizaje activo |
| Resto del título |
una organización de la clase centrada en el alumnado |
| 260 ## - PUBLICACIÓN, DISTRIBUCIÓN, ETC. |
| Lugar de publicación, distribución, etc. |
Madrid |
| Nombre del editor, distribuidor, etc. |
Narcea |
| Fecha de publicación, distribución, etc. |
1995 |
| 300 ## - DESCRIPCIÓN FÍSICA |
| Extensión |
153 p. |
| Otros detalles físicos |
gráfs., il., tablas, diagr., láms. |
| 490 #0 - MENCIÓN DE SERIE |
| Mención de serie |
Educación hoy |
| 500 ## - NOTA GENERAL |
| Nota general |
Anexos: Libros favoritos de los alumnos: p. 117-120 |
| 500 ## - NOTA GENERAL |
| Nota general |
Modelos para uso del alumnado: p. 121-136 |
| 500 ## - NOTA GENERAL |
| Nota general |
Modelos para uso del profesorado: p. 137-152 |
| 500 ## - NOTA GENERAL |
| Nota general |
Modelos de cartas a los padres o tutores: p. 153-155 |
| 504 ## - NOTA DE BIBLIOGRAFÍA, ETC. |
| Nota de bibliografía, etc. Nota |
Bibliografía: p. 113-114 |
| 650 #4 - PUNTO DE ACCESO ADICIONAL DE MATERIA--TÉRMINO DE MATERIA |
| Término de materia o nombre geográfico como elemento de entrada |
METODOS DE ENSEÑANZA |
| 650 #4 - PUNTO DE ACCESO ADICIONAL DE MATERIA--TÉRMINO DE MATERIA |
| Término de materia o nombre geográfico como elemento de entrada |
ENSEÑANZA DE LA ESCRITURA |
| 650 #4 - PUNTO DE ACCESO ADICIONAL DE MATERIA--TÉRMINO DE MATERIA |
| Término de materia o nombre geográfico como elemento de entrada |
ENSEÑANZA DE LA EXPRESION ORAL |
| 650 #4 - PUNTO DE ACCESO ADICIONAL DE MATERIA--TÉRMINO DE MATERIA |
| Término de materia o nombre geográfico como elemento de entrada |
ENSEÑANZA DE LA LECTURA |
| 650 #4 - PUNTO DE ACCESO ADICIONAL DE MATERIA--TÉRMINO DE MATERIA |
| Término de materia o nombre geográfico como elemento de entrada |
DINAMICA DE GRUPO |
| 650 #4 - PUNTO DE ACCESO ADICIONAL DE MATERIA--TÉRMINO DE MATERIA |
| Término de materia o nombre geográfico como elemento de entrada |
MOTIVACION DEL ALUMNO |
| 650 #4 - PUNTO DE ACCESO ADICIONAL DE MATERIA--TÉRMINO DE MATERIA |
| Término de materia o nombre geográfico como elemento de entrada |
APRENDIZAJE MEDIANTE LA PRACTICA |
| 650 #4 - PUNTO DE ACCESO ADICIONAL DE MATERIA--TÉRMINO DE MATERIA |
| Término de materia o nombre geográfico como elemento de entrada |
APRENDIZAJE MEDIANTE EL DESCUBRIMIENTO |
| 650 #4 - PUNTO DE ACCESO ADICIONAL DE MATERIA--TÉRMINO DE MATERIA |
| Término de materia o nombre geográfico como elemento de entrada |
METODOS DE ESTUDIO |
| 650 #4 - PUNTO DE ACCESO ADICIONAL DE MATERIA--TÉRMINO DE MATERIA |
| Término de materia o nombre geográfico como elemento de entrada |
REGISTROS |
| 650 #4 - PUNTO DE ACCESO ADICIONAL DE MATERIA--TÉRMINO DE MATERIA |
| Término de materia o nombre geográfico como elemento de entrada |
EVALUACION DE UN PROCESO EXPERIMENTAL |
| 650 #4 - PUNTO DE ACCESO ADICIONAL DE MATERIA--TÉRMINO DE MATERIA |
| Término de materia o nombre geográfico como elemento de entrada |
METODOS DE EVALUACION |
| 650 #4 - PUNTO DE ACCESO ADICIONAL DE MATERIA--TÉRMINO DE MATERIA |
| Término de materia o nombre geográfico como elemento de entrada |
PAPEL DE LOS PADRES |
| 651 #4 - PUNTO DE ACCESO ADICIONAL DE MATERIA--NOMBRE GEOGRÁFICO |
| Nombre geográfico |
Canadá |
| 700 1# - ENTRADA AGREGADA--NOMBRE PERSONAL |
| Nombre de persona |
Pollishuke, Mindy |
| 700 1# - ENTRADA AGREGADA--NOMBRE PERSONAL |
| Nombre de persona |
Manzano, Pablo |
| Término indicativo de función/relación |
traductor |
| 942 ## - ELEMENTOS DE ENTRADA SECUNDARIOS (KOHA) |
| Tipo de ítem Koha |
Libros |
| 998 ## - INFORMACIÓN DE CONTROL LOCAL (RLIN) |
| Iniciales del catalogador, CIN (RLIN) |
silvi |